Kesaritil Nivadak Nibandha va Vividh Vishay Sangrah. (Record no. 366037)

MARC details
000 -LEADER
fixed length control field 00445nam a22001697a 4500
005 - DATE AND TIME OF LATEST TRANSACTION
control field 20250508162246.0
008 - FIXED-LENGTH DATA ELEMENTS--GENERAL INFORMATION
fixed length control field 250429b |||||||| |||| 00| 0 eng d
041 ## - LANGUAGE CODE
Language code of text/sound track or separate title Marathi
082 ## - DEWEY DECIMAL CLASSIFICATION NUMBER
Classification number 891.46
Item number AAR
100 ## - MAIN ENTRY--PERSONAL NAME
Author Aagarkar G.G.
245 ## - TITLE STATEMENT
Title Kesaritil Nivadak Nibandha va Vividh Vishay Sangrah.
260 ## - PUBLICATION, DISTRIBUTION, ETC.
Place of publication, distribution, etc. Kolhapur
Name of publisher, distributor, etc. Samanvay Prakashan
Date of publication, distribution, etc. 2012
300 ## - PHYSICAL DESCRIPTION
Extent 504
365 ## - TRADE PRICE
Price amount 500.00
Currency code Rs.00
650 ## - SUBJECT ADDED ENTRY--TOPICAL TERM
Topical term or geographic name entry element Literature
942 ## - ADDED ENTRY ELEMENTS (KOHA)
Koha item type Donated Book
Holdings
Withdrawn status Lost status Source of classification or shelving scheme Damaged status Not for loan Home library Current library Date acquired Vendor Net Price Total Checkouts Full call number Barcode Date last seen Actual Price Bill Date Koha item type
    Dewey Decimal Classification     School of Fashion Technology School of Fashion Technology 24/04/2025 Mallika Dabhade Samant 500.00   891.46 AAR SOFT-BK-D207 29/04/2025 500.00 29/04/2025 Donated Book